[Event "2° Week End Dorico"]
[Site "?"]
[Date "2026.05.17"]
[Round "4"]
[White "Pelagalli, Marco"]
[Black "Moglianesi, Davide"]
[Result "1-0"]
[WhiteElo "1841"]
[BlackElo "1859"]
[WhiteFideId "-1"]
[BlackFideId "-1"]
[PlyCount "43"]
[GameId "2311228372934752"]
[SourceVersionDate "2026.05.18"]

1. e4 c5 2. b3 d6 3. Bb2 Nf6 4. Bb5+ Bd7 5. Bxd7+ Nbxd7 6. Qe2 g6 7. f4 Bg7 8. Nf3 Nh5 9. Bxg7 Nxg7 10. O-O O-O 11. Nc3 Nb8 12. g4 Nc6 13. Nd5 Ne6 14. c3 Nc7 15. Qe3 Nxd5 16. exd5 Nb8 17. f5 f6 18. fxg6 hxg6 19. Qh6 g5 20. Nd4 Rf7 21. Qg6+ Rg7 22. Qxg7+ 1-0